000 00699nam a2200289Ia 4500
005 20260324150916.0
008 008 260324s9999 xx 000 0 eng d
020 _a9781315010182
037 _aEBOOK
040 _aCRL
040 _beng
040 _cCRL
041 _2eng
041 _aeng
084 _qCRL
100 _aER Hamilton
_91228050
245 4 _aThe Art Of Interrogation
245 0 _bStudies in the Principles of Mental Tests and Examinations
260 _bTaylor and Francis
260 _c1929
365 _a
365 _b205
856 _uhttp://www.taylorfrancis.com/books/9781315010182
942 _cEBOOK
999 _c1838293
_d1838293